Normal view
MARC view
- México
Entry Nombre Geográfico
001 - NÚMERO DE CONTROL
- campo de control: 45392
003 - IDENTIFICADOR DE NUMERO DE CONTROL
- campo de control: UPN
005 - FECHA Y HORA DE LA ÜLTIMA TRANSACCIÓN
- campo de control: 20220825111747.0
008 - DATOS DE LONGITUD FIJA
- campo de control de longitud fija: 220728|| aca||aabn | a|a d
040 ## - FUENTE DE CATALOGACIÓN
- Agencia de catalogación original: UPN
151 ## - ENCABEZAMIENTO - NOMBRE GEOGRÁFICO
- Nombre geográfico: México
- Subdivisión general : Historia
- Subdivisión cronológica : Revolución, 1910-1920
- Subdivisión de forma: Fuentes
451 0# - VER DESDE EL RASTREO--NOMBRE GEOGRÁFICO
- Geographic name: Mexico
- General subdivision: History
- Chronological subdivision: Revolution, 1910-1920
- Form subdivision: Sources
670 ## - FUENTE EN LA QUE SE LOCALIZARON DATOS
- Cita de la fuente: DGB/UNAM, 12 agosto 2022:
- Información localizada: catálogo electrónico (México--Historia--Revolución, 1910-1920--Fuentes)
670 ## - FUENTE EN LA QUE SE LOCALIZARON DATOS
- Cita de la fuente: Biblioteca del Congreso (Estados Unidos), 16 agosto 2022:
- Información localizada: catálogo electrónico (Mexico--History--Revolution, 1910-1920--Sources)
902 ## - CATALOGADOR
- Catalogador: NDAF/250822
